Our man in Damascus : (Record no. 1129)
[ view plain ]
| 000 -LEADER | |
|---|---|
| fixed length control field | 00615nam a2200217Ia 4500 |
| 001 - CONTROL NUMBER | |
| control field | 51962673 |
| 003 - CONTROL NUMBER IDENTIFIER | |
| control field | OCoLC |
| 005 - DATE AND TIME OF LATEST TRANSACTION | |
| control field | 20180904162956.0 |
| 008 - FIXED-LENGTH DATA ELEMENTS--GENERAL INFORMATION | |
| fixed length control field | 030402u19601999is ach 000 0beng d |
| 040 ## - CATALOGING SOURCE | |
| Original cataloging agency | WAL |
| Transcribing agency | WAL |
| 082 ## - DEWEY DECIMAL CLASSIFICATION NUMBER | |
| Classification number | 266 |
| Item number | B456O |
| 090 ## - LOCALLY ASSIGNED LC-TYPE CALL NUMBER (OCLC); LOCAL CALL NUMBER (RLIN) | |
| Classification number (OCLC) (R) ; Classification number, CALL (RLIN) (NR) | DS126.5 |
| Local cutter number (OCLC) ; Book number/undivided call number, CALL (RLIN) | .B45 |
| 100 1# - MAIN ENTRY--PERSONAL NAME | |
| Personal name | Ben-Hanan, Eli. |
| 245 10 - TITLE STATEMENT | |
| Title | Our man in Damascus : |
| Remainder of title | Elie Cohn / |
| Statement of responsibility, etc. | Eli Ben-Hanan. |
| 260 ## - PUBLICATION, DISTRIBUTION, ETC. | |
| Place of publication, distribution, etc. | Bnai Brak (Israel) : |
| Name of publisher, distributor, etc. | Steimatzky, 19--. |
| 300 ## - PHYSICAL DESCRIPTION | |
| Extent | 143 p. : |
| Other physical details | ill. ; |
| Dimensions | 23 cm. |
| 600 10 - SUBJECT ADDED ENTRY--PERSONAL NAME | |
| Personal name | Cohen, Eliahou Ben Shaul, |
| Dates associated with a name | 1924-1965. |
| 650 #0 - SUBJECT ADDED ENTRY--TOPICAL TERM | |
| Topical term or geographic name entry element | Espionage, Israeli |
| Geographic subdivision | Syria. |
| 650 #0 - SUBJECT ADDED ENTRY--TOPICAL TERM | |
| Topical term or geographic name entry element | Spies |
| Geographic subdivision | Israel |
| Form subdivision | Biography. |
| 942 ## - ADDED ENTRY ELEMENTS (KOHA) | |
| Source of classification or shelving scheme | Dewey Decimal Classification |
| Koha item type | Books |
| Withdrawn status | Lost status | Source of classification or shelving scheme | Damaged status | Not for loan | Collection code | Home library | Current library | Shelving location | Date acquired | Cost, normal purchase price | Total Checkouts | Full call number | Barcode | Date last seen | Price effective from | Koha item type |
|---|---|---|---|---|---|---|---|---|---|---|---|---|---|---|---|---|
| Dewey Decimal Classification | Non-fiction | Harvest Mission College | Harvest Mission College | General Stacks | 04.09.2018 | 600.00 | 266 B456O | 000334 | 04.09.2018 | 04.09.2018 | Books | |||||
| Dewey Decimal Classification | Non-fiction | Harvest Mission College | Harvest Mission College | General Stacks | 04.09.2018 | 600.00 | 266 B456O | 011438 | 09.02.2021 | 04.09.2018 | Books |
